|
|
|
|
| LEADER |
00000naa a2200000uu 4500 |
| 001 |
vtls010943077 |
| 003 |
SK-MaSNL |
| 005 |
20260302123445.0 |
| 008 |
210824|1996 xo |||||||||||||||||eng| |
| 015 |
|
|
|a SNBRA
|
| 035 |
|
|
|a (urnnbn)urn:nbn:sk:snk:ar-a0bddk
|
| 035 |
|
|
|a (uuid)f5b444cf-39a8-4b06-b1c7-4af581e1ac21
|
| 035 |
|
|
|a urn:nbn:sk:snk-aau5m1
|
| 040 |
|
|
|a SNKBUCL
|b slo
|c SNKBUCL
|e AACR2
|
| 041 |
0 |
|
|a eng
|
| 044 |
|
|
|a xo
|c SK
|
| 100 |
1 |
|
|a Bekaert, Philippe
|4 aut
|9 802729
|
| 245 |
1 |
0 |
|a HIRAD: A Hierarchical Higher Order Radiosity Implementation
|c Philippe Bekaert, Yves D. Willems
|
| 700 |
1 |
|
|a Yves D. Willems
|4 aut
|9 802730
|
| 773 |
0 |
|
|t Proceedings of the 12th Spring Conference on Computer Graphics
|d Bratislava : Comenius University, 1996
|g S. 213-227
|z 8022310328
|
| 958 |
|
|
|a OND
|
| 958 |
|
|
|a article11
|
| 958 |
|
|
|a chapter
|
| 999 |
|
|
|c 1283113
|d 1285043
|